Statistics for Growing Cities in North Carolina

Click here to take the quiz!

General Stats

  • This quiz has been taken 22 times
  • The average score is 8 of 10

Answer Stats

PopulationPopulation GainedCity% Correct
874,579138,969Charlotte
100%
283,50652,766Durham
100%
467,66563,547Raleigh
100%
174,72138,852Cary
83%
299,03530,099Greensboro
78%
249,54519,921Winston-Salem
78%
58,78020,978Apex
67%
105,24025,898Concord
67%
47,60117,466Wake Forest
56%
41,23916,502Holly Springs
44%

Score Distribution

Percentile by Number Answered

Percent of People with Each Score

Your Score History

You have not taken this quiz